Guardianes del paraiso / (Record no. 531558)

000 -LEADER
fixed length control field 00362nam a22001457a 4500
003 - CONTROL NUMBER IDENTIFIER
control field NUST
020 ## - INTERNATIONAL STANDARD BOOK NUMBER
International Standard Book Number 9789872367824
038 ## - RECORD CONTENT LICENSOR
Staff Name waseem
082 ## - DEWEY DECIMAL CLASSIFICATION NUMBER
Classification number 746
Author Mark COR
100 ## - MAIN ENTRY--PERSONAL NAME
Personal name Corcuera, Ruth
9 (RLIN) 24406
245 ## - TITLE STATEMENT
Title Guardianes del paraiso /
Statement of responsibility, etc. Ruth Corcuera
260 ## - PUBLICATION, DISTRIBUTION, ETC.
Place of publication, distribution, etc. Buenos Aires :
Name of publisher, distributor, etc. Fundaction Nicolas Uriburu,
Date of publication, distribution, etc. 2012.
300 ## - PHYSICAL DESCRIPTION
Extent 175 p. ;
942 ## - ADDED ENTRY ELEMENTS (KOHA)
Source of classification or shelving scheme
Koha item type Book
Holdings
Withdrawn status Lost status Source of classification or shelving scheme Damaged status Not for loan Permanent Location Current Location Date acquired Source of acquisition Full call number Barcode Date last seen Price effective from Koha item type
          Central Library (CL) Central Library (CL) 10/18/2019 Donation 746 COR CL-D-726 10/18/2019 10/18/2019 Reference
© 2023 Central Library, National University of Sciences and Technology. All Rights Reserved.